00000000nem##2200000za#4500
0019.549672
003CaOODSP
00520200327000037
007aj |a|||
008150406|2010||||xxc||||   a##f  |   eng|d
020 |a978-0-660-64761-6
022 |a1915-884X
040 |aCaOODSP|beng
041 |aeng
041 |afre
043 |an-cn---
0861 |aM116-2/093G15
1101 |aCanada.|bNatural Resources Canada. |bCentre for Topographic Information.
24510|aPrince George, British Columbia : |h[cartographic material]|bFraser-Fort George Regional District
250 |aEd. 06, version 00
255 |aScale 1:50,000
260 |aOttawa - Ontario : |bNatural Resources Canada. |c2010.
300 |a1 sheet. : |bcoloured map ; |c69 cm.
4901 |aCanadian topographic maps|x1915-884X|v93-G/15
500 |aSeries A721. Includes a legend.
590 |a10-21|b2010-05-28
7760#|tPrince George, Colombie-Britannique : |w(CaOODSP)9.584306
792 |tPrince George, Colombie-Britannique : |efre|w(CaOODSP)9.549673
830#0|aCanadian topographic maps,|x1915-884X|v93-G/15|w(CaOODSP)9.511450